[Event "Corus"]
[Site "Wijk aan Zee"]
[Date "2002.01.16"]
[Round "4"]
[White "Morozevich, Alexander"]
[Black "Lautier, Joel"]
[Result "1-0"]
[WhiteElo "2742"]
[BlackElo "2687"]
[Annotator "Ftacnik,L"]
[PlyCount "101"]
[EventDate "2002.01.12"]
[EventType "tourn"]
[EventRounds "13"]
[EventCountry "NED"]
[EventCategory "18"]
[SourceTitle "CBM 087"]
[Source "ChessBase"]
[SourceDate "2002.03.21"]
[SourceVersion "1"]
[SourceVersionDate "2002.03.21"]
[SourceQuality "1"]

1. e4 c5 2. Nf3 e6 3. c3 Nf6 4. e5 Nd5 5. Bc4 Nb6 6. Bb3 d6 7. exd6 Bxd6 8. d4
Nc6 $5 (8... Qc7 9. Nbd2 N8d7 10. Ne4 Be7 11. dxc5 Nxc5 12. Nxc5 Bxc5 13. Qe2
O-O 14. O-O Bd7 15. Ne5 Ba4 $1 $11 {1/2:1/2 Pierrot,F-Polgar,J (Buenos Aires
2000)}) 9. O-O O-O 10. Re1 Be7 11. dxc5 (11. Be3 cxd4 12. cxd4 Nd5 13. Nc3 Nxe3
14. Rxe3 Bf6 15. Ne4 Bd7 16. Qd2 Be7 17. a3 Qa5 18. Rc3 Rad8 19. Rd1 Bc8 20.
Qc1 Qb6 21. Qe3 {1-0 Sveshnikov,E-Tratar,M/Nova Gorica 1996/ (81)}) 11... Qxd1
12. Rxd1 Bxc5 13. Bf4 $14 {White is enjoying the small advantage and even a
player of Lautier's caliber will not be able to suffciently cope with the
challenges of a defense.} Rd8 (13... Bd7 14. Nbd2 Na5 15. Bc2 Nd5 16. Bg3 Be7
17. Ne5 $14) 14. Rxd8+ Nxd8 15. Nbd2 Bd7 16. Rd1 Be8 (16... Ba4 17. Ne4 (17.
Bxa4 Nxa4 18. Ne4 Nxb2 $15) 17... Bxb3 (17... Bf8 18. Bxa4 Nxa4 19. b3 Nb6 20.
c4 $14) 18. axb3 Be7 19. b4 $1 (19. c4 $6 Nc6 $11) 19... Nd5 20. Bg3 a6 $11) (
16... Be7 17. Nc4 $5 $14) 17. h3 (17. Nc4 Nxc4 18. Bxc4 Nc6 19. b4 $14) 17...
Be7 18. Be3 Nc6 19. Nc4 Nxc4 20. Bxc4 h6 $2 {[%mdl 4096] This move builds a
true reason for the black's defeat, since in case of fixing the pawns
structure on the kingside will be very vulnerable.} (20... Kf8 $5) (20... h5
21. Kf1 $14) 21. Kf1 Kf8 22. Ke2 Rc8 (22... Rb8 23. Bd3 b5 24. g4 $1) 23. Bd3
Rd8 24. a3 b6 (24... a6) 25. g4 $1 Bd6 $6 (25... Bf6 26. h4 $5 Ne5 27. Nxe5
Bxe5 28. f4 Bc7 $11) (25... h5 $6 26. gxh5 f5 27. h6 Bh5 28. h7 Kf7 (28...
Bxf3+ 29. Kxf3 Ne5+ 30. Ke2 Ng6 31. Bc4 $18) 29. Be4 $1 $18) (25... Na5 $5 26.
b4 Ba4 27. Rd2 (27. bxa5 $2 Bxd1+) 27... Nc6 $11) 26. b4 Ne5 (26... Ke7 27. c4
f6 28. h4 $14) 27. Nxe5 Bxe5 28. c4 Ba4 (28... Bc6 29. f3 $14) 29. Bc2 Rxd1 30.
Kxd1 Bc6 (30... Bxc2+ 31. Kxc2 Ke7 32. Kb3 Kd7 33. h4 $1 Kc7 34. h5 f5 35. gxf5
exf5 36. f3 $16) (30... Bd7 31. c5 $16) 31. Ke2 Bd6 32. f3 Ke7 33. Be4 Bxe4 {
In an innocently looking endgame position black is still struggling with
problems.} (33... Kd7 34. Bxc6+ Kxc6 35. b5+ $1 Kc7 36. a4 f5 37. h4 (37. gxf5
$6 exf5 38. h4 h5 $5) 37... fxg4 38. fxg4 $16) 34. fxe4 Kd7 35. h4 $1 Kc6 36.
b5+ $1 (36. h5 $6 a6 $5) 36... Kc7 37. a4 Be7 38. h5 e5 $6 {Aftre this move
the fate of a defender is sealed, already Capablanca was warning against
setting up the pawns on the squares of the own bishop's colour.} 39. Kd3 Bc5
40. Bd2 $1 (40. Bxc5 $2 bxc5 41. a5 f6) 40... f6 41. a5 $1 Kd6 42. axb6 axb6
43. Kc2 Kd7 44. Kb3 Ke6 (44... Kc7 45. Bb4 Kb7 46. Ka4 $1 $18) 45. Bb4 Bd4 46.
Ka4 Bf2 47. Bf8 $1 Kf7 48. Ba3 Ke6 49. c5 $1 bxc5 50. b6 Kd6 51. Kb5 1-0

[Event "Olympiad-42"]
[Site "Baku"]
[Date "2016.09.06"]
[Round "5.1"]
[White "Arenas Vanegas, David"]
[Black "Topalov, Veselin"]
[Result "0-1"]
[WhiteElo "2490"]
[BlackElo "2768"]
[Annotator "Ftacnik,L"]
[PlyCount "52"]
[EventDate "2016.09.02"]
[EventType "team-swiss"]
[EventRounds "11"]
[EventCountry "AZE"]
[SourceTitle "CBM 175"]
[Source "ChessBase"]
[SourceDate "2016.11.10"]
[SourceVersion "1"]
[SourceVersionDate "2016.11.10"]
[SourceQuality "1"]
[WhiteTeam "Colombia"]
[BlackTeam "Bulgaria"]
[WhiteTeamCountry "COL"]
[BlackTeamCountry "BUL"]

1. e4 c5 2. Nf3 e6 3. c3 Nf6 4. e5 Nd5 5. d4 cxd4 6. cxd4 d6 7. a3 {Each tempo
in the opening has the value of gold, but White is ready to invest in order to
prevent the arrival of any black piece on b4.} Bd7 8. Bd3 Bc6 9. O-O Nd7 10.
Re1 Rc8 {Black has managed to develop the whole queenside reserves in order to
tame down White's possible initiative on the kingside.} (10... dxe5 11. dxe5
Be7 12. b4 N5b6 13. Nc3 $14) 11. b4 a6 12. Ng5 {A very aggressive approach
that depends very much on the number of pieces in play. Arenas Vanegas seems
to believe, that the unfinished development of Black's kingside justifies
breaking some rules.} (12. Nbd2 Nc3 13. Qb3 Ba4 14. Qb2 Nd1 15. Qb1 Nc3 16. Qb2
Nd1 17. Qb1 Nc3 18. Qb2 {1/2-1/2 (18) Janev,E (2485)-Spasov,V (2579) Plovdiv
2008}) (12. Bg5 Be7 13. Bxe7 Qxe7 14. Nbd2 O-O (14... Nc3 15. Qc2 Nb6 16. Qxc3
Bxf3 17. Bb5+ axb5 18. Qxf3 d5 19. Qd3 Nc4 20. a4 Qxb4 21. Nf3 bxa4 $17 {
1/2-1/2 (49) Sivokho,S (2425)-Vaulin,A (2550) St Petersburg 1998}) 15. Ne4 (15.
Rc1 dxe5 16. dxe5 Nf4 17. Bf1 Rfd8 18. Qb3 Ng6 19. Qb2 Nb6 20. g3 h6 21. h4 Qd7
22. Ne4 Na4 $15 {0-1 (45) Batsanin,D (2474)-Papin,V (2475) Sochi 2008}) 15...
dxe5 16. dxe5 Nf4 17. Bf1 Rfd8 18. Qd4 Ng6 19. Qb2 Bd5 20. g3 Nb6 $15 {0-1 (49)
Shaked,T (2500)-Rublevsky,S (2650) Groningen 1997}) 12... dxe5 {Topalov as a
former world champion is well known for his good nerves and ability to hold
out against an opponent's initiative.} (12... g6 13. Qf3 Qe7 14. exd6 Qf6 15.
Qg4 Bh6 16. Bd2 O-O 17. Qh4 Qg7 18. Nf3 Bxd2 19. Nbxd2 Rfd8 20. Ne5 Qf6 21. Qg3
$16 {1-0 (43) Wolff,P (2564)-Stripunsky,A (2563) ICC INT 2011}) (12... Be7 13.
Qh5 g6 14. Qh6 Bf8 15. Qh3 dxe5 16. dxe5 Bg7 17. Nf3 (17. Qg3 Ne7 (17... Bb5
18. Bxb5 axb5 19. Nd2 Ne7 20. Ndf3 Nf5 21. Qf4 Rc4 22. Ne4 O-O 23. Bb2 Rc2 24.
Rab1 Qc7 $11 {0-1 (61) Janev,E (2444)-Shyam,S (2502) Varna 2013}) 18. Bb2 O-O
19. Nd2 h6 20. Nh3 Nb6 21. Nb3 Na4 22. Bd4 Bd5 23. Nc5 {0-1 (46) Janev,E (2451)
-David,A (2589) Bratto 2013} Bc4 $15) 17... Qc7 18. Qg3 Nxb4 19. axb4 Bxf3 20.
Bb2 Bc6 21. Nd2 O-O 22. Nc4 $15 Rcd8 {0-1 (39) Milovanovic,D-Stripunsky,A 
(2550) Parsippany 2005}) 13. Nxe6 $6 {The direct attack with the sacrifice on
e6 is well known, but it does not enjoy a good reputation. White was clearly
bending some rules with Ng5, but he crosses the critical line with this
untimely aggression.} (13. dxe5 Be7 14. Qg4 Ne3 (14... Bb5 15. Bxb5 axb5 16.
Nf3 Kf8 17. Nbd2 N7b6 (17... h5 18. Qd4 g5 19. Qd3 g4 20. Nd4 h4 21. Bb2 Qb6
22. Re4 $16 {1-0 (49) Janev,E (2450)-Nikolov,M (2550) Blagoevgrad 2010}) 18.
Ne4 Nc4 19. Bg5 Bxg5 20. Nexg5 h6 21. Ne4 Ra8 22. Nd4 $14 {1-0 (44) Ulybin,M 
(2533)-Sipos,I (2482) Winterthur 2009}) (14... h5 $5 15. Qg3 h4 16. Qg4 Nxe5
17. Rxe5 Nf6 18. Qd1 h3 19. Nc3 (19. Nxh3 Qd4 20. Rxe6 Qxa1 $17) 19... Bxg2 $13
) 15. Bxe3 (15. Rxe3 Bxg5 16. Re1 Nxe5 $17) 15... Nxe5 16. Nxe6 Nxg4 17. Nxd8
Rxd8 18. Bc5 Rxd3 19. Rxe7+ Kd8 20. Re1 $11) (13. Nxh7 $2 Qh4 14. Bg5 Qxd4 $19)
13... fxe6 (13... Qf6 $2 14. Nxf8 Kxf8 15. Be4 exd4 16. Bb2 Nf4 17. Bxd4 Qg5
18. Qf3 (18. Bxc6 Rxc6 19. g3 $16) 18... Ne6 19. Be3 Qf6 20. Nd2 $14 {1/2-1/2 
(20) Brynell,S (2465)-Rytshagov,M (2525) Gothenburg 1998}) 14. Qh5+ Ke7 {
Let us remark that the possibility of getting some small advantage for Black
with the daring move 14...g6 does not bode very well for the quality of the
knight sacrifice.} (14... g6 15. Bxg6+ hxg6 16. Qxg6+ (16. Qxh8 Kf7 (16... exd4
$1 17. Qxd4 Kf7 18. Bb2 Bh6 $17) 17. Qh7+ Bg7 18. Bh6 Qh8 19. Qxg7+ Qxg7 20.
Bxg7 Kxg7 21. dxe5 Nf4 $17 {0-1 (29) Velchev,H (2285)-Iotov,V (2556) Sofia 2009
}) 16... Ke7 17. Bg5+ N7f6 (17... N5f6 $2 18. dxe5 Qe8 19. Bxf6+ Nxf6 20. Qxf6+
$18) 18. Nc3 Kd7 19. Nxd5 Bxd5 20. Bxf6 Be7 21. Bxh8 Qxh8 $15) 15. dxe5 {
I am not impressed by this pawn move as I strongly believe in piece play in
the middlegame, but especially in the opening. In my understading of chess it
should be more promising to engage pieces with 15.Bg5+.} (15. Bg5+ N5f6 (15...
N7f6 16. dxe5 Kd7 17. exf6 gxf6 18. Bh6 $14) 16. Qh3 $5 (16. dxe5 $2 Nxe5 $1
$19) 16... Qc7 (16... e4 17. Nc3 Kf7 18. Bxe4 Bxe4 (18... b6 19. Bc2 Qe8 20.
Bb3) 19. Nxe4 Rc6 20. Bxf6 Nxf6 21. Ng5+ Kg8 22. Rac1 Qd7 $15) 17. dxe5 Nxe5
18. Bf4 Nf3+ 19. Qxf3 (19. gxf3 Qxf4 20. Qxe6+ Kd8 $19) 19... Bxf3 20. Bxc7
Rxc7 21. gxf3 g6 22. Ra2 Nd5 $15) 15... h6 $1 (15... N5f6 $2 16. exf6+ Nxf6 17.
Qh3 Be4 18. Bxe4 Nxe4 19. Ra2 Qd5 20. Rae2 Rc6 21. Rxe4 Rxc1 22. Rxe6+ Kf7 23.
Nc3 $18 {1-0 (34) Ulybin,M (2521)-Lefebvre,H (2286) Cappelle-la-Grande 2013})
16. Nc3 $2 {[%mdl 4] White is going beserk right at the end of the known chess
theory for this dubious line. The sacrifice of too many pieces makes it easier
for the defender to parry even the most violent attack.} (16. Qg4 N7b6 $1 (
16... Bb5 17. Bxb5 axb5 18. Nd2 Qe8 $17) 17. Nd2 h5 18. Qg3 Kd7 $17) (16. Qh4+
Kf7 17. Qh5+ Kg8 18. Bg6 Qe7 $17) (16. Bg5+ hxg5 17. Qxh8 (17. Qxg5+ N7f6 18.
Nd2 Kd7 $19) 17... Nf4 18. Bf1 Nxe5 $19) (16. Bg6 N7b6 17. Nd2 Be8 18. Ne4 Bxg6
19. Qxg6 Qe8 20. Qg4 Kf7 21. Bb2 Nc4 $17 {0-1 (32) Dolzhikova,O (2261)
-Goormachtigh,J (2187) Benidorm 2012}) 16... Nxc3 $1 17. Bg5+ hxg5 (17... Nf6
$4 18. exf6+ gxf6 19. Bxf6+ $18) 18. Qxg5+ (18. Qxh8 Nxe5 19. Rxe5 Qxd3 $18)
18... Nf6 19. exf6+ (19. Re3 Kd7 20. exf6 gxf6 21. Qg4 Bd5 22. Bf5 Rc6 $19)
19... gxf6 20. Rxe6+ {It is very difficult to assign the right sign to this
brave and desperate move. White must act quickly, otherwise his sacrifice of
two minor pieces will turn out to be senseless.} (20. Qc5+ Qd6 $19) 20... Kxe6
21. Qg4+ {The black king is vulnerable in the centre, but fortunately it is
not acting alone. Black can always part with one spare piece to slow down
White's initiative.} (21. Re1+ Kd7 22. Bf5+ (22. Qf4 Bd6) 22... Kc7 23. Qg3+) (
21. Bf5+ Ke7 22. Qe3+ Ne4 23. Bxe4 Bh6 $19) 21... Ke7 (21... Kd6 22. Qg3+ (22.
Qf4+ Ke7 23. Re1+ Kf7 24. Qf5 Bd6 $19) 22... Ke7 23. Re1+ Be4 24. Bxe4 (24. h3
Qd4) 24... Ne2+ $1 $19) 22. Re1+ Ne4 23. Bxe4 {White can hardly hope to give
perpetual check with two rooks missing after 23.Rxe4+} (23. Rxe4+ Bxe4 24.
Qxe4+ Kd7 (24... Kd6 $19) 25. Qxb7+ Qc7 26. Bf5+ Kd8 27. Qd5+ Qd6 $19) 23...
Qd2 $1 24. Kf1 (24. Rd1 Bd7 (24... Ba4 $19) (24... Rh4 25. Qf3 Rxe4 $19) 25.
Qf3 Rc1 $19) 24... Kd8 {Topalov was already enjoying himself as White was
obviously fighting a more than hopeless battle.} (24... Bb5+ 25. Bd3+ Qxe1+ (
25... Kd8) 26. Kxe1 Rc1+ 27. Ke2 Rc2+ 28. Ke3 Bh6+ 29. Ke4 Bc6+ 30. Kd4 Rd8+
$19) 25. Rd1 (25. Bxc6 Rxc6 26. Rd1 Rc1 $19) 25... Bb5+ 26. Kg1 Rc1 {It is
very dangerous to play extreme lines without exact knowledge of what is
possible and what is not.} 0-1

[Event "Buenos Aires Najdorf"]
[Site "Buenos Aires"]
[Date "1991.??.??"]
[Round "10"]
[White "Nogueiras Santiago, Jesus"]
[Black "Ricardi, Pablo"]
[Result "1-0"]
[WhiteElo "2540"]
[BlackElo "2435"]
[Annotator "Ftacnik,L"]
[PlyCount "83"]
[EventDate "1991.04.??"]
[EventType "tourn"]
[EventRounds "13"]
[EventCountry "ARG"]
[EventCategory "11"]
[SourceTitle "CBM 024"]
[Source "ChessBase"]
[SourceDate "1991.10.01"]
[SourceVersion "1"]
[SourceVersionDate "1991.10.01"]
[SourceQuality "1"]

1. d4 d5 2. c4 dxc4 3. Nf3 Nf6 4. e3 e6 5. Bxc4 c5 6. Qe2 a6 7. dxc5 Bxc5 8.
O-O Nc6 9. e4 O-O {N} (9... b5) (9... Qc7) 10. e5 Nd5 (10... Nd7 11. Rd1 Qc7
12. Bf4 $16) 11. Rd1 Be7 (11... b5 12. Bd3 Ncb4 $2 13. Bxh7+ Kxh7 14. Ng5+ Kg8
15. Qh5 $18) 12. Qe4 b5 (12... Nf6 13. Qe1 Nd7 14. Bf4 $14) 13. Bd3 $1 (13.
Bxd5 exd5 14. Rxd5 Bf5 $1 15. Rxd8 Bxe4 $10) 13... g6 14. Bh6 Re8 15. Nbd2 Ncb4
16. Bf1 Bb7 17. Qg4 Rc8 18. Ne4 Rc2 $6 (18... Nc2 19. Rac1 $40) (18... Rc7) 19.
a3 Nc6 20. Rab1 Na5 21. Bd3 Rc7 22. h4 $1 Rd7 23. Bc2 (23. h5 Nc3 $1 24. Nxc3
Rxd3 $132) 23... Nc4 24. Bg5 h5 (24... a5 25. h5 $40) 25. Qg3 Bxg5 26. Nfxg5
Qe7 (26... Qc7 27. Rxd5 $1 Bxd5 28. Nf6+ Kf8 29. Ngh7+ Ke7 30. Nxe8 $18) 27.
Bb3 (27. Rxd5 Bxd5 28. Nf6+ Kh8 (28... Kg7 29. Nxh5+ $1 Kh8 30. Nf6 $18) 29.
Nxf7+ $2 Qxf7 30. Bxg6 Rg8 31. Bxf7 Rxg3 32. Nxd7 Rxg2+ $19) 27... Red8 28.
Bxc4 bxc4 29. Nd6 Rxd6 (29... Rf8 30. Nxc4 $18) 30. exd6 Qxd6 31. Qxd6 Rxd6 32.
Rbc1 Rb6 (32... Rc6 33. Nf3 $18) 33. Rd2 Rc6 34. Nf3 Nf4 35. Ne1 (35. Ne5 Rc5
36. Nxf7 Bxg2 $132) 35... Rc5 36. g3 Nd5 37. Nd3 $1 Rc7 38. Ne5 c3 39. bxc3
Nxc3 40. Kh2 Rc5 41. Nd7 Rc8 (41... Rc7 42. Nf6+ Kf8 43. Rdc2 $18) 42. Rdc2 {
Ftacnik,L} 1-0